2024 Men's USA Basketball Olympic Team - Statistics

General Stats
  • This quiz has been taken 57 times
  • The average score is 10 of 12
Answer Stats
Position Player % Correct
PG Stephen Curry
98%
SF Lebron James
96%
PF Kevin Durant
92%
PF/SF Jayson Tatum
88%
C Joel Embiid
85%
PG Tyrese Haliburton
85%
PF/C Anthony Davis
79%
SG/PG Devin Booker
79%
SG/SF Anthony Edwards
77%
C Bam Adebayo
67%
SG/PG Derrick White
65%
PG/SG Jrue Holiday
63%
No matching quizzes found
Score Distribution
Percent of People with Each Score
Percentile by Number Answered
Your Score History
You have not taken this quiz